[Event "Penang op-B 6th"]
[Site "Penang"]
[Date "2014.12.10"]
[Round "4"]
[White "Chembeti, Shreesh Amit"]
[Black "Koh, Sian Kuan Bausch"]
[Result "0-1"]
[WhiteElo "1526"]
[BlackElo "1757"]
[PlyCount "66"]
[EventDate "2014.12.08"]
[EventType "swiss"]
[EventRounds "9"]
[EventCountry "MAS"]
[SourceTitle "EXT 2016"]
[Source "ChessBase"]
[SourceDate "2015.10.08"]
[SourceVersion "1"]
[SourceVersionDate "2015.10.08"]
[SourceQuality "1"]

1. e4 e5 2. Nf3 Nf6 3. Nc3 Nc6 4. Bc4 Nxe4 5. Nxe4 d5 6. Bxd5 Qxd5 7. Nc3 Qd8 8. h3 Bd6 9. 0-0 0-0 10. Kh1 Re8 11. Re1 Bf5 12. d3 Qd7 13. Ne4 Kh8 14. Nh4 Bxe4 15. dxe4 Rad8 16. Be3 Qe6 17. Qd5 Qxd5 18. exd5 Nb4 19. Re2 Nxd5 20. Nf5 Nxe3 21. Nxd6 Rxd6 22. Rxe3 Rd2 23. Rc3 c6 24. f3 Red8 25. Kh2 Re2 26. Rb3 b6 27. Ra3 a5 28. Rc3 Rdd2 29. Rxc6 Rxg2+ 30. Kh1 Rh2+ 31. Kg1 Rdg2+ 32. Kf1 Rxc2 33. Rd1 Rh1# 0-1

[Event "ASEAN-ch U14 15th"]
[Site "Taipa"]
[Date "2014.06.09"]
[Round "9"]
[White "Lertwiram, Apichat"]
[Black "Koh, Sian Kuan Bausch"]
[Result "0-1"]
[WhiteElo "1667"]
[BlackElo "1793"]
[PlyCount "118"]
[EventDate "2014.06.04"]
[EventType "swiss"]
[EventRounds "9"]
[EventCountry "MAC"]
[SourceTitle "CBM 160 Extra"]
[Source "ChessBase"]
[SourceDate "2014.07.01"]
[SourceVersion "1"]
[SourceVersionDate "2014.07.01"]
[SourceQuality "1"]

1. d4 d5 2. c4 e6 3. Nc3 Nf6 4. Bf4 Be7 5. e3 0-0 6. Bd3 c6 7. Nge2 dxc4 8. Bxc4 Nbd7 9. 0-0 Nh5 10. Bg3 Nxg3 11. Nxg3 c5 12. Nce2 a6 13. dxc5 Nxc5 14. b4 Nd7 15. a3 b5 16. Bb3 Bb7 17. Nd4 Nb6 18. Rc1 Bd5 19. Nc6 Bxb3 20. Qxb3 Qe8 21. Nxe7+ Qxe7 22. h3 Nc4 23. Ne4 f5 24. Nc5 Rfd8 25. Rfd1 a5 26. Rxd8+ Rxd8 27. a4 axb4 28. axb5 Qxc5 29. Rxc4 Qxb5 30. Rxb4 Qe5 31. f4 Qf6 32. Rb6 Kf7 33. Kh2 h5 34. Rb7+ Kg6 35. Rb6 Re8 36. Qb2 Qxb2 37. Rxb2 Kf6 38. Kg3 g5 39. fxg5+ Kxg5 40. Kf3 e5 41. e4 f4 42. g3 fxg3 43. Kxg3 h4+ 44. Kf3 Rc8 45. Rg2+ Kh5 46. Re2 Rc3+ 47. Re3 Rc1 48. Kg2 Rc4 49. Kf3 Kg5 50. Re2 Rc3+ 51. Re3 Rc1 52. Re2 Rc4 53. Re3 Rc2 54. Ra3 Rh2 55. Ra8 Rxh3+ 56. Kg2 Re3 57. Rg8+ Kf4 58. Rf8+ Kxe4 59. Rh8 h3+ 0-1

[Event "ASEAN-ch U14 15th"]
[Site "Taipa"]
[Date "2014.06.05"]
[Round "2"]
[White "Koh, Sian Kuan Bausch"]
[Black "Zou, Chen"]
[Result "0-1"]
[WhiteElo "1793"]
[BlackElo "2072"]
[PlyCount "64"]
[EventDate "2014.06.04"]
[EventType "swiss"]
[EventRounds "9"]
[EventCountry "MAC"]
[SourceTitle "CBM 160 Extra"]
[Source "ChessBase"]
[SourceDate "2014.07.01"]
[SourceVersion "1"]
[SourceVersionDate "2014.07.01"]
[SourceQuality "1"]

1. e4 c5 2. Nc3 Nc6 3. f4 d6 4. Nf3 g6 5. Bb5 Bg7 6. Bxc6+ bxc6 7. 0-0 Nf6 8. d3 0-0 9. Qe1 Rb8 10. Qh4 c4 11. f5 Rxb2 12. Bh6 Rxc2 13. fxg6 hxg6 14. Ng5 Nh5 15. Bxg7 Kxg7 16. g4 Bxg4 17. Qxg4 Qb6+ 18. Kh1 Nf6 19. Qf4 Rxc3 20. e5 dxe5 21. Qxe5 Rxd3 22. Qxe7 c5 23. Rae1 Rd6 24. Qe5 Re8 25. Qc3 Rxe1 26. Qxe1 Qc6+ 27. Kg1 Qd5 28. Qg3 c3 29. Rc1 c2 30. Nf3 Qd1+ 31. Kg2 Qxc1 32. Qxd6 Qb2 0-1